| 000 | 00560nam a2200181Ia 4500 | ||
|---|---|---|---|
| 003 | LDD | ||
| 008 | 190117s9999 xx 000 0 und d | ||
| 020 | _c₹200 | ||
| 040 | _cLDD | ||
| 041 | _ahi | ||
| 100 | _aबलराम | ||
| 245 | 0 |
_aपत्रकारिता के आयाम _cबलराम |
|
| 260 |
_aदिल्ली _bजनवाणी _c1996 |
||
| 300 | _a224 | ||
| 901 | _aVANI | ||
| 904 | _aReqst by : रीता रानी पालीवाल | ||
| 942 |
_2ddc _cH |
||
| 999 |
_c164608 _d164608 |
||